| 000 | 00691nam a2200253Ia 4500 | ||
|---|---|---|---|
| 003 | OSt | ||
| 005 | 20220107122747.0 | ||
| 008 | 130318s9999 xx 000 0 und d | ||
| 020 | _a9788131761922 | ||
| 040 | _cIIITM-K | ||
| 082 | _a005.133JF GEA/C | ||
| 100 |
_aGeary, David _95483 |
||
| 245 |
_aCore Java server faces _cby David Geary; Cay Horstmann |
||
| 250 | _a3rd ed. | ||
| 260 |
_bDorling Kindersley, _aNoida, _c2011. |
||
| 300 | _axx, 636p. | ||
| 650 |
_aCOMPUTER SCIENCE _95484 |
||
| 650 |
_aCOMPUTER PROGRAMMING _95485 |
||
| 650 |
_aJAVA PROGRAMMING _95486 |
||
| 650 |
_aJAVA SERVER FACES _95487 |
||
| 650 |
_aJSF _95488 |
||
| 700 |
_aHorstmann, Cay _95490 |
||
| 942 |
_2ddc _cBK |
||
| 999 |
_c4261 _d4261 |
||